[Event "Guernsey Challengers 48th"]
[Site "Guernsey"]
[Date "2024.10.13"]
[Round "1"]
[White "Curran, David P"]
[Black "Reink, Geerhard"]
[Result "1/2-1/2"]
[WhiteElo "1675"]
[BlackElo "1803"]
[PlyCount "62"]
[EventDate "2024.10.13"]
[EventType "swiss"]
[EventRounds "7"]
[EventCountry "GCI"]
[SourceTitle "BritBase"]
[Source "John Saunders"]
[SourceDate "2024.12.27"]
[SourceVersion "1"]
[SourceVersionDate "2024.12.27"]
[SourceQuality "1"]

1. d4 Nf6 2. c4 g6 3. Nf3 Bg7 4. g3 d5 5. Bg2 O-O 6. cxd5 Nxd5 7. e4 Nb6 8. O-O Bg4 9. d5 Nc4 10. Qb3 Nb6 11. Nc3 c6 12. Bf4 cxd5 13. Nxd5 Nxd5 14. exd5 Bxf3 15. Bxf3 Qd7 16. Rfe1 Na6 17. Re2 Nc5 18. Qe3 Rac8 19. Bh6 Bxh6 20. Qxh6 Rc7 21. Qe3 b6 22. Rd2 Qd6 23. Re1 Rfc8 24. Qe5 Qxe5 25. Rxe5 Kf8 26. d6 exd6 27. Rxd6 Ne6 28. Red5 Ke7 29. h4 Ng7 30. Rd2 Ne8 31. R6d3 Nf6 1/2-1/2

[Event "Guernsey Challengers 48th"]
[Site "Guernsey"]
[Date "2024.10.13"]
[Round "1"]
[White "Wheat, Bob"]
[Black "Flanagan, Keith"]
[Result "1-0"]
[WhiteElo "1798"]
[BlackElo "1645"]
[PlyCount "91"]
[EventDate "2024.10.13"]
[EventType "swiss"]
[EventRounds "7"]
[EventCountry "GCI"]
[SourceTitle "BritBase"]
[Source "John Saunders"]
[SourceDate "2024.12.27"]
[SourceVersion "1"]
[SourceVersionDate "2024.12.27"]
[SourceQuality "1"]

1. d4 Nf6 2. c4 g6 3. Nc3 Bg7 4. e4 d6 5. f3 O-O 6. Be3 e5 7. Nge2 b6 8. Ng3 exd4 9. Bxd4 Nc6 10. Be3 Ne5 11. Qd2 Be6 12. b3 Nfd7 13. Bh6 Qe7 14. Bxg7 Kxg7 15. O-O-O a6 16. Nd5 Bxd5 17. exd5 f5 18. h4 a5 19. h5 g5 20. h6+ Kg8 21. Rh5 f4 22. Ne4 Nf7 23. Qd4 Nde5 24. Bd3 Kh8 25. Bb1 Rg8 26. g3 Rg6 27. Rdh1 Kg8 28. Qc3 Kf8 29. gxf4 gxf4 30. Nf2 Rg2 31. Ng4 Nxg4 32. Qg7+ Ke8 33. Qg8+ Qf8 34. Qxf8+ Kxf8 35. fxg4 Rxg4 36. Bxh7 Re8 37. Kd1 f3 38. Rf5 Rd4+ 39. Kc1 Re3 40. Kb2 Rd2+ 41. Kc1 Rxa2 42. Rf4 f2 43. Rd1 Rxb3 44. Bg6 Rbb2 45. Rxf7+ Kg8 46. h7+ 1-0

[Event "Guernsey Challengers 48th"]
[Site "Guernsey"]
[Date "2024.10.13"]
[Round "1"]
[White "Bennett, David"]
[Black "Finch, Russell"]
[Result "0-1"]
[WhiteElo "1615"]
[BlackElo "1789"]
[PlyCount "70"]
[EventDate "2024.10.13"]
[EventType "swiss"]
[EventRounds "7"]
[EventCountry "GCI"]
[SourceTitle "BritBase"]
[Source "John Saunders"]
[SourceDate "2024.12.27"]
[SourceVersion "1"]
[SourceVersionDate "2024.12.27"]
[SourceQuality "1"]

1. Nf3 Nf6 2. d4 d5 3. Bf4 Bf5 4. Nbd2 e6 5. a3 c5 6. c4 Nc6 7. e3 Be7 8. Be2 O-O 9. h3 h6 10. O-O Rc8 11. Rc1 cxd4 12. exd4 Ne4 13. Nb3 Bf6 14. cxd5 exd5 15. Bd3 Bg6 16. Bxe4 Bxe4 17. Re1 b6 18. Be5 Bxe5 19. Nxe5 Nxe5 20. dxe5 Qd7 21. f3 Bf5 22. Nd4 Rxc1 23. Qxc1 Rc8 24. Qf4 Be6 25. Qg3 Rc4 26. Rd1 Qc8 27. Nb3 Qc5+ 28. Nd4 Rxd4 29. Rxd4 Qxd4+ 30. Kh2 Qxb2 31. f4 d4 32. Qf3 Qc3 33. Qe4 d3 34. Qf3 Qc2 35. Qe4 Qe2 0-1

[Event "Guernsey Challengers 48th"]
[Site "Guernsey"]
[Date "2024.10.13"]
[Round "1"]
[White "Remie, Peter"]
[Black "Williams, John A"]
[Result "1/2-1/2"]
[WhiteElo "1773"]
[BlackElo "1587"]
[PlyCount "87"]
[EventDate "2024.10.13"]
[EventType "swiss"]
[EventRounds "7"]
[EventCountry "GCI"]
[SourceTitle "BritBase"]
[Source "John Saunders"]
[SourceDate "2024.12.27"]
[SourceVersion "1"]
[SourceVersionDate "2024.12.27"]
[SourceQuality "1"]

1. e4 d6 2. d4 Nf6 3. Nc3 c6 4. Bg5 Qa5 5. Bxf6 exf6 6. Bd3 Qb6 7. Nge2 Nd7 8. Rb1 Be7 9. O-O O-O 10. b4 Re8 11. a4 Nf8 12. b5 Qd8 13. bxc6 bxc6 14. d5 c5 15. Bb5 Bd7 16. Bxd7 Qxd7 17. Qd3 Rab8 18. Qa6 Ng6 19. f4 f5 20. Ng3 Bf6 21. Rxb8 Rxb8 22. Nb5 Rb6 23. Qxa7 Qxa7 24. Nxa7 Bd4+ 25. Kh1 fxe4 26. Nb5 e3 27. c3 Bf6 28. Ne2 Ne7 29. Rd1 Ra6 30. Rd3 Rxa4 31. Rxe3 Ra1+ 32. Ng1 h5 33. Nxd6 Nxd5 34. Re8+ Kh7 35. g3 Bxc3 36. Kg2 Bd4 37. Nf3 Ne3+ 38. Kh3 f6 39. Nxd4 cxd4 40. Nb5 Rd1 41. Nxd4 Ng4 42. Nf5 Rf1 43. Nh4 Rf2 44. Ng2 1/2-1/2

[Event "Guernsey Challengers 48th"]
[Site "Guernsey"]
[Date "2024.10.14"]
[Round "2"]
[White "Finch, Russell"]
[Black "Rijsdijk, Peter"]
[Result "1-0"]
[WhiteElo "1789"]
[BlackElo "1858"]
[PlyCount "137"]
[EventDate "2024.10.13"]
[EventType "swiss"]
[EventRounds "7"]
[EventCountry "GCI"]
[SourceTitle "BritBase"]
[Source "John Saunders"]
[SourceDate "2024.12.27"]
[SourceVersion "1"]
[SourceVersionDate "2024.12.27"]
[SourceQuality "1"]

1. Nf3 c5 2. g3 b6 3. Bg2 Bb7 4. O-O d6 5. d3 h6 6. e4 e6 7. Nbd2 Be7 8. Re1 g5 9. Kh1 Nd7 10. Nf1 g4 11. Ng1 h5 12. Ne3 Nh6 13. f3 Bg5 14. f4 Be7 15. Ne2 Qc7 16. Bd2 O-O-O 17. a4 Rdg8 18. c3 Qd8 19. b4 h4 20. Kg1 hxg3 21. hxg3 f5 22. Qb3 Nf8 23. Reb1 Kb8 24. bxc5 dxc5 25. a5 Qxd3 26. Ra2 Qxe2 27. Nc4 Qd3 28. Nxb6 Qa6 29. Bf1 c4 30. Bxc4 Bc5+ 31. Kf1 Nf7 32. Nd7+ Nxd7 33. Bxa6 Rh1+ 34. Kg2 Rxb1 35. Qxb1 Nb6 36. Bxb7 Kxb7 37. axb6 axb6 38. Qa1 Nd6 39. Ra7+ Kc6 40. Qa4+ b5 41. Qa6+ Bb6 42. Be3 Rb8 43. Bxb6 Rxb6 44. Qa3 Nxe4 45. Qe7 Kd5 46. Rb7 Rd6 47. Rxb5+ Kc4 48. Rb2 Kxc3 49. Qb7 Kc4 50. Qb5+ Kc3 51. Qb4+ Kd3 52. Rb3+ Ke2 53. Rb2+ Kd3 54. Rb3+ Ke2 55. Qc4+ Kd1 56. Qf1+ Kc2 57. Qc4+ Kd1 58. Rb1+ Kd2 59. Rb2+ Ke3 60. Qe2+ Kd4 61. Qb5 Ke3 62. Qb4 Kd3 63. Qb5+ Kc3 64. Qb4+ Kd3 65. Rb3+ Ke2 66. Qc4+ Kd2 67. Rb2+ Ke1 68. Qc1+ Rd1 69. Qe3# 1-0

[Event "Guernsey Challengers 48th"]
[Site "Guernsey"]
[Date "2024.10.14"]
[Round "2"]
[White "Newell, David F"]
[Black "Stanners, Michael J"]
[Result "1/2-1/2"]
[WhiteElo "1842"]
[BlackElo "1819"]
[PlyCount "33"]
[EventDate "2024.10.13"]
[EventType "swiss"]
[EventRounds "7"]
[EventCountry "GCI"]
[SourceTitle "BritBase"]
[Source "John Saunders"]
[SourceDate "2024.12.27"]
[SourceVersion "1"]
[SourceVersionDate "2024.12.27"]
[SourceQuality "1"]

1. c4 Nf6 2. Nc3 c5 3. g3 g6 4. Bg2 Bg7 5. b3 O-O 6. Bb2 d6 7. e4 Nc6 8. h3 a6 9. Nge2 e6 10. O-O Qc7 11. d4 cxd4 12. Nxd4 Nxd4 13. Qxd4 Rb8 14. Rfd1 Rd8 15. Rac1 b6 16. e5 Ne8 17. exd6 1/2-1/2

[Event "Guernsey Challengers 48th"]
[Site "Guernsey"]
[Date "2024.10.14"]
[Round "2"]
[White "Jongerius, Marc"]
[Black "Evans, Barry M"]
[Result "0-1"]
[WhiteElo "1768"]
[BlackElo "1834"]
[PlyCount "82"]
[EventDate "2024.10.13"]
[EventType "swiss"]
[EventRounds "7"]
[EventCountry "GCI"]
[SourceTitle "BritBase"]
[Source "John Saunders"]
[SourceDate "2024.12.27"]
[SourceVersion "1"]
[SourceVersionDate "2024.12.27"]
[SourceQuality "1"]

1. e4 d6 2. d4 g6 3. f4 Bg7 4. Nf3 c5 5. c3 Nd7 6. Be3 Ngf6 7. dxc5 Nxe4 8. cxd6 Nxd6 9. Bd4 Nf6 10. Nbd2 O-O 11. Bd3 Nf5 12. Bxf5 Bxf5 13. Ne5 Nd7 14. g4 Nxe5 15. Bxe5 Bxe5 16. fxe5 Qd5 17. Nf3 Qe4+ 18. Qe2 Qxe2+ 19. Kxe2 Bxg4 20. Ke3 Bxf3 21. Kxf3 Rfd8 22. Rad1 Kf8 23. h4 h6 24. Rhe1 Rxd1 25. Rxd1 Ke8 26. Kg4 Rd8 27. Rd4 Rxd4+ 28. cxd4 Kd7 29. d5 f6 30. Kf4 fxe5+ 31. Kxe5 g5 32. h5 g4 33. Kf4 Kd6 34. Kxg4 Kxd5 35. Kf5 e5 36. Kg6 e4 37. Kxh6 e3 38. Kg7 e2 39. h6 e1=Q 40. h7 Qe7+ 41. Kg8 Ke6 0-1

[Event "Guernsey Challengers 48th"]
[Site "Guernsey"]
[Date "2024.10.14"]
[Round "2"]
[White "Moyroud, Pierre"]
[Black "Murray, J Stephen"]
[Result "1-0"]
[WhiteElo "1831"]
[BlackElo "1805"]
[PlyCount "101"]
[EventDate "2024.10.13"]
[EventType "swiss"]
[EventRounds "7"]
[EventCountry "GCI"]
[SourceTitle "BritBase"]
[Source "John Saunders"]
[SourceDate "2024.12.27"]
[SourceVersion "1"]
[SourceVersionDate "2024.12.27"]
[SourceQuality "1"]

1. d4 Nf6 2. c4 e6 3. Nc3 d5 4. cxd5 exd5 5. Bg5 Be7 6. e3 O-O 7. Bd3 h6 8. Bh4 Re8 9. Nge2 c6 10. Qc2 Nbd7 11. O-O Nh5 12. Bxe7 Qxe7 13. Rfe1 Nf8 14. Ng3 Nxg3 15. hxg3 Ne6 16. Rad1 Bd7 17. f3 g6 18. Qf2 Qf6 19. Bc2 Ng5 20. e4 dxe4 21. fxe4 Qxf2+ 22. Kxf2 Bg4 23. Rd2 Rad8 24. d5 Kf8 25. d6 Re5 26. Ke3 Ne6 27. Bb3 Rd7 28. Bxe6 Rxe6 29. Kf4 h5 30. e5 Bf5 31. Ne4 Bxe4 32. Rxe4 Kg7 33. Kg5 f6+ 34. exf6+ Rxf6 35. Re7+ Rf7 36. Rxf7+ Kxf7 37. b4 b6 38. Rf2+ Kg7 39. Rf6 c5 40. bxc5 bxc5 41. Rxg6+ Kh7 42. Re6 Kg8 43. Kxh5 c4 44. Re8+ Kf7 45. Rc8 Rxd6 46. Rxc4 a6 47. g4 Kg7 48. g5 a5 49. Rc7+ Kg8 50. Ra7 Rd5 51. Kh6 1-0

[Event "Guernsey Challengers 48th"]
[Site "Guernsey"]
[Date "2024.10.14"]
[Round "2"]
[White "Stinson, William James"]
[Black "Wheat, Bob"]
[Result "1/2-1/2"]
[WhiteElo "1816"]
[BlackElo "1798"]
[PlyCount "44"]
[EventDate "2024.10.13"]
[EventType "swiss"]
[EventRounds "7"]
[EventCountry "GCI"]
[SourceTitle "BritBase"]
[Source "John Saunders"]
[SourceDate "2024.12.27"]
[SourceVersion "1"]
[SourceVersionDate "2024.12.27"]
[SourceQuality "1"]

1. Nf3 Nf6 2. c4 c5 3. g3 g6 4. Bg2 Bg7 5. O-O O-O 6. Nc3 Nc6 7. d3 d6 8. e3 Be6 9. Bd2 h6 10. a3 Qd7 11. e4 Ng4 12. Rb1 Nge5 13. Be3 Bg4 14. Nxe5 Nxe5 15. f3 Bh3 16. Nd5 Bxg2 17. Kxg2 f5 18. h3 fxe4 19. fxe4 Rxf1 20. Qxf1 Rf8 21. Qe2 Nc6 22. Rf1 Rxf1 1/2-1/2

[Event "Guernsey Challengers 48th"]
[Site "Guernsey"]
[Date "2024.10.14"]
[Round "2"]
[White "Hill, Jonathan"]
[Black "Dennis, Nigel W"]
[Result "0-1"]
[WhiteElo "1746"]
[BlackElo "1868"]
[PlyCount "76"]
[EventDate "2024.10.13"]
[EventType "swiss"]
[EventRounds "7"]
[EventCountry "GCI"]
[SourceTitle "BritBase"]
[Source "John Saunders"]
[SourceDate "2024.12.27"]
[SourceVersion "1"]
[SourceVersionDate "2024.12.27"]
[SourceQuality "1"]

1. d4 Nf6 2. Nf3 g6 3. c4 Bg7 4. Nc3 O-O 5. e4 d6 6. Be2 e5 7. d5 Nbd7 8. O-O Nc5 9. Qc2 a5 10. a4 Ne8 11. Bd3 f5 12. Bg5 Bf6 13. Bxf6 Qxf6 14. Rae1 Ng7 15. Qd2 Bd7 16. Qh6 Ne8 17. Bc2 f4 18. b3 Qg7 19. Qxg7+ Kxg7 20. h3 h6 21. Kh2 g5 22. g3 Kh7 23. Ne2 Nf6 24. g4 Kg6 25. Nd2 Rh8 26. f3 h5 27. Kg2 hxg4 28. fxg4 Bxg4 29. hxg4 Nxg4 30. Rf3 Rh2+ 31. Kg1 Rah8 32. Nf1 Rh1+ 33. Kg2 Nh2 34. Ng1 Nxf3 35. Nxf3 g4 36. N3h2 R8xh2+ 37. Nxh2 Rxe1 38. Kf2 g3+ 0-1

[Event "Guernsey Challengers 48th"]
[Site "Guernsey"]
[Date "2024.10.14"]
[Round "2"]
[White "Williams, John A"]
[Black "Nevska, Gerda"]
[Result "1/2-1/2"]
[WhiteElo "1587"]
[BlackElo "1854"]
[PlyCount "71"]
[EventDate "2024.10.13"]
[EventType "swiss"]
[EventRounds "7"]
[EventCountry "GCI"]
[SourceTitle "BritBase"]
[Source "John Saunders"]
[SourceDate "2024.12.27"]
[SourceVersion "1"]
[SourceVersionDate "2024.12.27"]
[SourceQuality "1"]

1. d4 e5 2. dxe5 Nc6 3. Nf3 d6 4. Bf4 Bg4 5. exd6 Qf6 6. Bg3 O-O-O 7. Bh4 Qxb2 8. Bxd8 Bxd6 9. Nbd2 Nb4 10. Qb1 Qxa1 11. Qxa1 Nxc2+ 12. Kd1 Nxa1 13. Bg5 Be6 14. Kc1 h6 15. Be3 Bf5 16. Bd4 Nc2 17. Bxg7 Ba3+ 18. Bb2 Bxb2+ 19. Kxb2 Nb4 20. e4 Be6 21. a3 Nc6 22. Bc4 Bxc4 23. Nxc4 b5 24. Nce5 Nxe5 25. Nxe5 f6 26. Ng4 h5 27. Ne3 Ne7 28. Rd1 Rg8 29. g3 a5 30. Nd5 Nxd5 31. Rxd5 Rg5 32. Rxg5 fxg5 33. f4 gxf4 34. gxf4 a4 35. f5 Kd7 36. e5 1/2-1/2

[Event "Guernsey Challengers 48th"]
[Site "Guernsey"]
[Date "2024.10.14"]
[Round "2"]
[White "Reink, Geerhard"]
[Black "Collins, Alan"]
[Result "1/2-1/2"]
[WhiteElo "1803"]
[BlackElo "1696"]
[PlyCount "46"]
[EventDate "2024.10.13"]
[EventType "swiss"]
[EventRounds "7"]
[EventCountry "GCI"]
[SourceTitle "BritBase"]
[Source "John Saunders"]
[SourceDate "2024.12.27"]
[SourceVersion "1"]
[SourceVersionDate "2024.12.27"]
[SourceQuality "1"]

1. Nf3 d6 2. g3 e5 3. d3 Bg4 4. Bg2 c6 5. Nbd2 Be7 6. O-O Nd7 7. c4 Ngf6 8. Rb1 Qc7 9. b4 O-O 10. a3 Rad8 11. Bb2 Rfe8 12. Qc2 h6 13. Bc3 Bf5 14. Qb2 Bf8 15. Rfe1 e4 16. dxe4 Nxe4 17. Nxe4 Bxe4 18. Rbd1 Nb6 19. Qb3 d5 20. c5 Nc4 21. Nd2 Nxd2 22. Rxd2 Bxg2 23. Kxg2 Re6 1/2-1/2

[Event "Guernsey Challengers 48th"]
[Site "Guernsey"]
[Date "2024.10.14"]
[Round "2"]
[White "Christoffersen, Odd"]
[Black "Remie, Peter"]
[Result "1/2-1/2"]
[WhiteElo "1743"]
[BlackElo "1773"]
[PlyCount "58"]
[EventDate "2024.10.13"]
[EventType "swiss"]
[EventRounds "7"]
[EventCountry "GCI"]
[SourceTitle "BritBase"]
[Source "John Saunders"]
[SourceDate "2024.12.27"]
[SourceVersion "1"]
[SourceVersionDate "2024.12.27"]
[SourceQuality "1"]

1. e4 c5 2. Nf3 Nc6 3. Bb5 Nf6 4. Nc3 a6 5. Bxc6 dxc6 6. h3 e6 7. b3 Be7 8. Bb2 Qc7 9. d3 e5 10. Ne2 Nd7 11. O-O Bf6 12. Nh2 Nf8 13. f4 Ne6 14. f5 Nd4 15. c3 Nxe2+ 16. Qxe2 Bd7 17. Nf3 O-O-O 18. Nd2 Be8 19. Rad1 Bg5 20. g3 Bxd2 21. Qxd2 f6 22. Qe3 Qa5 23. Ra1 Bf7 24. Rfd1 Rd7 25. Kf2 Rhd8 26. Ke2 h5 27. c4 Qb4 28. Qd2 Qxd2+ 29. Rxd2 b6 1/2-1/2

[Event "Guernsey Challengers 48th"]
[Site "Guernsey"]
[Date "2024.10.14"]
[Round "2"]
[White "Gunn, Michael J"]
[Black "Curran, David P"]
[Result "1-0"]
[WhiteElo "1735"]
[BlackElo "1675"]
[PlyCount "77"]
[EventDate "2024.10.13"]
[EventType "swiss"]
[EventRounds "7"]
[EventCountry "GCI"]
[SourceTitle "BritBase"]
[Source "John Saunders"]
[SourceDate "2024.12.27"]
[SourceVersion "1"]
[SourceVersionDate "2024.12.27"]
[SourceQuality "1"]

1. e4 c5 2. c3 d5 3. exd5 Qxd5 4. d4 Nf6 5. Nf3 e6 6. Be3 Nc6 7. c4 Qd8 8. Nc3 cxd4 9. Nxd4 Nxd4 10. Bxd4 Be7 11. Be2 O-O 12. O-O Nd7 13. Bf3 e5 14. Be3 f5 15. Bd5+ Kh8 16. f4 e4 17. Bd4 Bf6 18. Kh1 Nb6 19. Bxf6 Rxf6 20. Qe2 Qf8 21. Rad1 Be6 22. Bxe6 Rxe6 23. Rd2 Rd8 24. Rfd1 Red6 25. Rxd6 Rxd6 26. c5 Rxd1+ 27. Qxd1 Nc8 28. Qd7 h6 29. b4 Kh7 30. Nd5 b6 31. c6 a5 32. a3 Nd6 33. c7 e3 34. Nxe3 Qf6 35. h3 Qa1+ 36. Kh2 Qd4 37. Nxf5 Qxf4+ 38. Ng3 Ne4 39. Qf5+ 1-0

[Event "Guernsey Challengers 48th"]
[Site "Guernsey"]
[Date "2024.10.14"]
[Round "2"]
[White "Flanagan, Keith"]
[Black "Jacobs, Simon"]
[Result "0-1"]
[WhiteElo "1645"]
[BlackElo "1737"]
[PlyCount "126"]
[EventDate "2024.10.13"]
[EventType "swiss"]
[EventRounds "7"]
[EventCountry "GCI"]
[SourceTitle "BritBase"]
[Source "John Saunders"]
[SourceDate "2024.12.27"]
[SourceVersion "1"]
[SourceVersionDate "2024.12.27"]
[SourceQuality "1"]

1. e4 c6 2. d4 d5 3. Nc3 dxe4 4. Nxe4 Nf6 5. Nxf6+ exf6 6. Be2 Bd6 7. Nf3 O-O 8. Be3 Nd7 9. O-O Qc7 10. c4 Re8 11. Bd3 g6 12. Bh6 Bf4 13. Bxf4 Qxf4 14. Re1 Rf8 15. Re4 Qd6 16. Qd2 f5 17. Re2 Nf6 18. Rae1 Be6 19. b3 Rfe8 20. Bb1 Rad8 21. h3 Kg7 22. Qc3 Kg8 23. d5 Bd7 24. c5 Nxd5 25. Rxe8+ Bxe8 26. Qc1 Qf6 27. a3 Qc3 28. Nd2 Qxc1 29. Rxc1 Bd7 30. Nc4 Be6 31. Nd6 Rd7 32. b4 Kf8 33. Ba2 Nc7 34. Bb1 Ne8 35. Rd1 Nxd6 36. Rxd6 Rxd6 37. cxd6 Ke8 38. f4 Kd7 39. h4 h5 40. Kf2 Kxd6 41. Ke3 c5 42. g3 cxb4 43. axb4 f6 44. Bd3 b6 45. Kd4 a5 46. bxa5 bxa5 47. Kc3 a4 48. Kb4 Bb3 49. Bb5 Kd5 50. Be8 Ke4 51. Bxg6 Kf3 52. Bxh5+ Kxg3 53. Bg6 Kxh4 54. Bxf5 Kg3 55. Bd7 Kxf4 56. Bb5 Ke3 57. Ka3 f5 58. Kb2 f4 59. Bf1 f3 60. Bb5 f2 61. Bf1 Kd2 62. Bb5 Ke1 63. Bd3 Bd1 0-1

[Event "Guernsey Challengers 48th"]
[Site "Guernsey"]
[Date "2024.10.14"]
[Round "2"]
[White "Goman, Colin"]
[Black "Bennett, David"]
[Result "1-0"]
[WhiteElo "1716"]
[BlackElo "1615"]
[PlyCount "97"]
[EventDate "2024.10.13"]
[EventType "swiss"]
[EventRounds "7"]
[EventCountry "GCI"]
[SourceTitle "BritBase"]
[Source "John Saunders"]
[SourceDate "2024.12.27"]
[SourceVersion "1"]
[SourceVersionDate "2024.12.27"]
[SourceQuality "1"]

1. d4 c5 2. dxc5 e6 3. Nf3 Bxc5 4. e3 Nf6 5. Bd3 O-O 6. O-O Nc6 7. c3 b6 8. Qc2 Bb7 9. Nbd2 d5 10. e4 dxe4 11. Nxe4 Be7 12. Nxf6+ Bxf6 13. Bxh7+ Kh8 14. Be4 Qc7 15. Qe2 Ne7 16. Ng5 Bxe4 17. Qxe4 Bxg5 18. Bxg5 Ng6 19. Rad1 Rac8 20. Rd3 Qc5 21. Be3 Qc6 22. Qxc6 Rxc6 23. Rfd1 Rcc8 24. f3 Ne5 25. Rd4 Nc4 26. Bc1 Kg8 27. b3 Ne5 28. c4 Nc6 29. Rd6 Rfd8 30. Rxd8+ Rxd8 31. Rxd8+ Nxd8 32. Kf2 Nc6 33. Ke3 f5 34. Ba3 Kf7 35. Bb2 g5 36. f4 g4 37. g3 Nb4 38. a3 Na6 39. b4 Nc7 40. Be5 Ne8 41. Kd4 a6 42. c5 bxc5+ 43. Kxc5 Ke7 44. Kb6 Kd7 45. Kxa6 Nc7+ 46. Bxc7 Kxc7 47. b5 Kc8 48. Kb6 Kb8 49. Kc6 1-0

[Event "Guernsey Challengers 48th"]
[Site "Guernsey"]
[Date "2024.10.15"]
[Round "3"]
[White "Evans, Barry M"]
[Black "Moyroud, Pierre"]
[Result "1/2-1/2"]
[WhiteElo "1834"]
[BlackElo "1831"]
[PlyCount "40"]
[EventDate "2024.10.13"]
[EventType "swiss"]
[EventRounds "7"]
[EventCountry "GCI"]
[SourceTitle "BritBase"]
[Source "John Saunders"]
[SourceDate "2024.12.27"]
[SourceVersion "1"]
[SourceVersionDate "2024.12.27"]
[SourceQuality "1"]

1. e4 c6 2. d4 d5 3. exd5 cxd5 4. Bd3 Nc6 5. c3 Qc7 6. Ne2 Bg4 7. f3 Bd7 8. Bf4 e5 9. dxe5 Nxe5 10. Bxe5 Qxe5 11. O-O Bc5+ 12. Kh1 Nf6 13. Ng3 O-O 14. Nd2 Qf4 15. Nb3 Bd6 16. Re1 Qh4 17. Nf1 Rfe8 18. Qd2 Bf4 19. Qd1 Bd6 20. Qd2 Bf4 1/2-1/2

[Event "Guernsey Challengers 48th"]
[Site "Guernsey"]
[Date "2024.10.15"]
[Round "3"]
[White "Dennis, Nigel W"]
[Black "Finch, Russell"]
[Result "1/2-1/2"]
[WhiteElo "1868"]
[BlackElo "1789"]
[PlyCount "95"]
[EventDate "2024.10.13"]
[EventType "swiss"]
[EventRounds "7"]
[EventCountry "GCI"]
[SourceTitle "BritBase"]
[Source "John Saunders"]
[SourceDate "2024.12.27"]
[SourceVersion "1"]
[SourceVersionDate "2024.12.27"]
[SourceQuality "1"]

1. e4 Nc6 2. d4 e5 3. d5 Nce7 4. c4 d6 5. Nc3 Ng6 6. g3 Be7 7. Bg2 Nf6 8. Nge2 Bd7 9. O-O O-O 10. f4 Bg4 11. f5 Nh8 12. h3 Bxe2 13. Qxe2 g6 14. Be3 Nh5 15. Kh2 Bg5 16. Nd1 Bxe3 17. Nxe3 f6 18. Bf3 Ng7 19. Ng4 Nf7 20. fxg6 hxg6 21. Qe3 f5 22. Nh6+ Kh7 23. Nxf7 Rxf7 24. b3 Qe7 25. Be2 a6 26. Rf2 Raf8 27. Raf1 b6 28. Kg2 a5 29. Bd3 f4 30. gxf4 exf4 31. Qf3 Qg5+ 32. Qg4 Qh5 33. Rxf4 Qxg4+ 34. Rxg4 Nh5 35. Rxf7+ Rxf7 36. Bf1 Kg7 37. Kg1 Rf6 38. Rg5 Kh6 39. Rg2 Rf4 40. Rg4 Rxg4+ 41. hxg4 Nf6 42. Kg2 Nxg4 43. Kg3 Ne5 44. Kf4 Nf7 45. Bh3 Ne5 46. Bf1 Nf7 47. Be2 Ne5 48. Bf1 1/2-1/2

[Event "Guernsey Challengers 48th"]
[Site "Guernsey"]
[Date "2024.10.15"]
[Round "3"]
[White "Wheat, Bob"]
[Black "Newell, David F"]
[Result "1/2-1/2"]
[WhiteElo "1798"]
[BlackElo "1842"]
[PlyCount "110"]
[EventDate "2024.10.13"]
[EventType "swiss"]
[EventRounds "7"]
[EventCountry "GCI"]
[SourceTitle "BritBase"]
[Source "John Saunders"]
[SourceDate "2024.12.27"]
[SourceVersion "1"]
[SourceVersionDate "2024.12.27"]
[SourceQuality "1"]

1. d4 e6 2. c4 f5 3. g3 Nf6 4. Bg2 d5 5. Nf3 c6 6. O-O Bd6 7. c5 Bc7 8. Nc3 Nbd7 9. Qc2 O-O 10. Ng5 Qe7 11. f4 b6 12. Na4 bxc5 13. Nxc5 Nxc5 14. Qxc5 Qxc5 15. dxc5 Rb8 16. Rb1 a5 17. Bd2 Rb5 18. Rfc1 Bd7 19. a4 Rb3 20. Rc3 Rb7 21. Rd3 Rfb8 22. Bc3 Bd8 23. Be5 Bc7 24. Bxc7 Rxc7 25. h3 Rcb7 26. b3 Rb4 27. Nf3 Rxa4 28. Ne5 Rab4 29. Ra1 R8b5 30. g4 Be8 31. g5 Ne4 32. Bxe4 fxe4 33. Rc3 d4 34. Rc4 Rxc4 35. Nxc4 Rxc5 36. Nxa5 Rc2 37. Nc4 Bh5 38. Nd6 h6 39. gxh6 gxh6 40. Nxe4 Bxe2 41. Ra7 d3 42. Rd7 Kf8 43. Kf2 Rb2 44. Nc3 Bg4+ 45. Ke3 Bf5 46. Rd6 Rxb3 47. Rxc6 Ke7 48. h4 Kd7 49. Rc4 Rb2 50. Rd4+ Ke7 51. Ne4 Bxe4 52. Rxe4 d2 53. Rd4 Kf6 54. Rxd2 Rxd2 55. Kxd2 Kf5 1/2-1/2

[Event "Guernsey Challengers 48th"]
[Site "Guernsey"]
[Date "2024.10.15"]
[Round "3"]
[White "Rijsdijk, Peter"]
[Black "Christoffersen, Odd"]
[Result "0-1"]
[WhiteElo "1858"]
[BlackElo "1743"]
[PlyCount "69"]
[EventDate "2024.10.13"]
[EventType "swiss"]
[EventRounds "7"]
[EventCountry "GCI"]
[SourceTitle "BritBase"]
[Source "John Saunders"]
[SourceDate "2024.12.27"]
[SourceVersion "1"]
[SourceVersionDate "2024.12.27"]
[SourceQuality "1"]

1. Nc3 d5 2. e4 dxe4 3. Nxe4 Bf5 4. Ng3 Bg6 5. Nf3 e6 6. c3 Nf6 7. Ne5 Nbd7 8. Nxg6 hxg6 9. d4 a6 10. Be2 c5 11. Bf3 Qc7 12. Qb3 cxd4 13. cxd4 Bd6 14. O-O Nb6 15. Bg5 Rb8 16. Rac1 Qd8 17. Rfe1 Kf8 18. h3 Be7 19. Bf4 Bd6 20. Bg5 Be7 21. Be3 Nbd5 22. a3 Kg8 23. Rc2 Kh7 24. Qd3 Re8 25. h4 Kg8 26. Bc1 Qd7 27. h5 gxh5 28. Bxh5 Red8 29. Re5 Rbc8 30. Rxc8 Rxc8 31. Bd2 Qb5 32. Qxb5 axb5 33. Be2 Bd6 34. Rg5 Rc2 35. Bc3 0-1

[Event "Guernsey Challengers 48th"]
[Site "Guernsey"]
[Date "2024.10.15"]
[Round "3"]
[White "Nevska, Gerda"]
[Black "Gunn, Michael J"]
[Result "1-0"]
[WhiteElo "1854"]
[BlackElo "1735"]
[PlyCount "53"]
[EventDate "2024.10.13"]
[EventType "swiss"]
[EventRounds "7"]
[EventCountry "GCI"]
[SourceTitle "BritBase"]
[Source "John Saunders"]
[SourceDate "2024.12.27"]
[SourceVersion "1"]
[SourceVersionDate "2024.12.27"]
[SourceQuality "1"]

1. Nf3 Nf6 2. d4 e6 3. e3 b6 4. b3 Bb7 5. Bb2 Be7 6. Bd3 O-O 7. O-O Ne4 8. Nbd2 f5 9. c4 d5 10. Ne5 Nd7 11. Ndf3 Ndf6 12. Rc1 c5 13. Qe2 Rc8 14. Rcd1 cxd4 15. Nxd4 Nc5 16. Bb1 Qd6 17. f4 a5 18. Nb5 Qb8 19. Nf3 Nfd7 20. Nfd4 Rfe8 21. cxd5 Bxd5 22. Nxf5 Bxb3 23. Nh6+ Kh8 24. Bxg7+ Kxg7 25. Qg4+ Kxh6 26. Rf3 Bg5 27. Qxg5# 1-0